| 000 | 00866nmc a2200289 a 4500 | ||
|---|---|---|---|
| 003 | AR-BaBNM | ||
| 005 | 20251128211651.0 | ||
| 008 | 045020s2004 ||||||||||||||000 | spa|| | ||
| 020 | _a950-07-2507-X | ||
| 040 | _cAR-BaBNM | ||
| 100 | 1 | _aChiaramonte, José Carlos | |
| 245 | 1 | 0 |
_aNación y estado en Iberoamérica _bel lenguaje político en tiempos de las independencias |
| 260 |
_aBuenos Aires _bSudamericana _c2004 |
||
| 300 | 0 | _a218 p. | |
| 490 | 0 | _aPensamiento | |
| 500 | 0 | _aLibros distribuidos por el MECYT en el marco del PROMSE 2004-2005 | |
| 650 | 4 | _aHISTORIA LATINOAMERICANA | |
| 650 | 4 | _aESTADO | |
| 650 | 4 | _aNACION | |
| 650 | 4 | _aHISTORIA DE LAS IDEAS | |
| 650 | 4 | _aFEDERALISMO | |
| 650 | 4 | _aHISTORIA POLITICA | |
| 650 | 4 | _aMOVIMIENTOS EMANCIPADORES LATINOAMERICANOS | |
| 651 | 4 | _aIberoamérica | |
| 942 | _cBK | ||
| 998 | _cme-solo cat | ||
| 999 |
_c20630 _d20630 |
||